[Event "Rated Blitz game"]
[Site "?"]
[Date "2021.05.15"]
[Round "?"]
[White "Mikasinski"]
[Black "KinzyabulatovRenat"]
[Result "1-0"]
[WhiteElo "2597"]
[BlackElo "2446"]
[PlyCount "87"]
[EventDate "2021.??.??"]
[EventType "blitz"]

1. e4 e5 2. Nf3 d5 3. Nc3 d4 4. Ne2 Nf6 5. c3 Nc6 6. cxd4 exd4 7. d3 Bb4+ 8.
Bd2 Bxd2+ 9. Qxd2 O-O 10. Rc1 Bg4 11. Rxc6 Bxf3 12. Rxf6 Bxe2 13. Rf4 Bxf1 14.
Rxf1 c5 15. Rg4 f5 16. exf5 Rxf5 17. f4 Qd5 18. Kf2 Qxa2 19. Kg1 Qf7 20. Rf3
Re8 21. Rfg3 g6 22. h4 Qe6 23. Kh2 Qe1 24. Qc2 Kg7 25. Qb3 b6 26. Qa4 Re7 27.
Qc6 Qe6 28. Qa8 Qd6 29. Rf3 h5 30. Rg5 Rxf4 31. Rgg3 Rxh4+ 32. Kg1 Re1+ 33. Kf2
Qe7 34. Rxg6+ Kxg6 35. Rg3+ Rg4 36. Qg8+ Kh6 37. Qh8+ Qh7 38. Qf6+ Qg6 39. Qf8+
Kh7 40. Rf3 Re7 41. Qxe7+ Qg7 42. Qxg7+ Kxg7 43. Kg1 Rg6 44. Rf5 {Time forfeit}
1-0

[Event "Rated Blitz game"]
[Site "?"]
[Date "2021.05.15"]
[Round "?"]
[White "Br0King"]
[Black "Schachelite"]
[Result "1-0"]
[WhiteElo "2339"]
[BlackElo "2410"]
[PlyCount "83"]
[EventDate "2021.??.??"]
[EventType "blitz"]

1. e4 e5 2. Nf3 d5 3. Nxe5 Bd6 4. d4 dxe4 5. Nc4 Nf6 6. Nc3 Be7 7. Be2 Nc6 8.
d5 Nb4 9. Ne3 c6 10. dxc6 Qxd1+ 11. Bxd1 Nxc6 12. O-O Be6 13. Re1 O-O-O 14. b3
Bb4 15. Bb2 Nd5 16. Nexd5 Bxd5 17. Bg4+ Kb8 18. Red1 Bxc3 19. Bxc3 f6 20. Bd2
Rhe8 21. Be3 Ne5 22. Be2 Bc6 23. Kf1 Kc7 24. a4 Rxd1+ 25. Rxd1 b6 26. h3 Rd8
27. Rxd8 Kxd8 28. a5 Kc7 29. axb6+ axb6 30. Ke1 b5 31. Kd2 Kd6 32. Kc3 Kd5 33.
Kb4 g5 34. Bxb5 Bxb5 35. Kxb5 h6 36. b4 f5 37. Ka4 f4 38. Ba7 Nc4 39. Kb3 e3
40. fxe3 fxe3 41. Kc3 Na3 42. Bxe3 {Normal} 1-0

[Event "Rated Blitz game"]
[Site "?"]
[Date "2021.05.15"]
[Round "?"]
[White "cyrilortega62"]
[Black "annaly1979"]
[Result "0-1"]
[WhiteElo "2529"]
[BlackElo "2455"]
[PlyCount "54"]
[EventDate "2021.??.??"]
[EventType "blitz"]

1. e4 e5 2. Nf3 d5 3. Nxe5 Qe7 4. d4 f6 5. Nf3 dxe4 6. Nfd2 f5 7. Nc3 Nf6 8.
Bc4 Nc6 9. d5 Ne5 10. Bb5+ Bd7 11. Bxd7+ Qxd7 12. O-O Bd6 13. h3 O-O 14. f4 Ng6
15. Nc4 Bc5+ 16. Be3 Bd6 17. Qd2 a6 18. a4 Rae8 19. Rfd1 Nh5 20. Nxd6 Qxd6 21.
Qf2 Nhxf4 22. Bc5 Qf6 23. Bxf8 Qg5 24. Kh2 Rxf8 25. Rf1 Nh5 26. Rae1 Ngf4 27.
Qg3 Qxg3+ {Normal} 0-1

[Event "Rated Blitz game"]
[Site "?"]
[Date "2021.05.15"]
[Round "?"]
[White "aber-nur-auf-Zeit"]
[Black "annaly1979"]
[Result "1-0"]
[WhiteElo "2486"]
[BlackElo "2463"]
[PlyCount "71"]
[EventDate "2021.??.??"]
[EventType "blitz"]

1. e4 e5 2. Nf3 d5 3. exd5 e4 4. Qe2 f5 5. d3 Nf6 6. Bg5 Be7 7. Bxf6 Bxf6 8.
dxe4 fxe4 9. Qxe4+ Kf7 10. Qb4 Re8+ 11. Kd1 a5 12. Qb3 a4 13. Qb4 Na6 14. Bxa6
Rxa6 15. Nc3 Rb6 16. Qa3 Bf5 17. Re1 Rd6 18. Rxe8 Qxe8 19. Qxa4 Rxd5+ 20. Kc1
b5 21. Qf4 Bxc3 22. bxc3 Kg8 23. Kb2 Qe2 24. Nd4 Rxd4 25. Qxd4 Qxc2+ 26. Ka3
Be6 27. Qd8+ Kf7 28. Qxc7+ Kg6 29. Qg3+ Kf7 30. Qf4+ Ke8 31. Qb4 Qxf2 32. Qxb5+
Ke7 33. Qb4+ Ke8 34. c4 Qxg2 35. Re1 Qxa2+ 36. Kxa2 {Normal} 1-0

[Event "Rated Blitz game"]
[Site "?"]
[Date "2021.05.15"]
[Round "?"]
[White "Alpskj"]
[Black "Schachelite"]
[Result "0-1"]
[WhiteElo "2328"]
[BlackElo "2405"]
[PlyCount "82"]
[EventDate "2021.??.??"]
[EventType "blitz"]

1. e4 e5 2. Nf3 d5 3. d3 dxe4 4. dxe4 Qxd1+ 5. Kxd1 Bg4 6. Nbd2 Bc5 7. Be2 Nc6
8. Ke1 Nb4 9. Bd3 Nxd3+ 10. cxd3 f6 11. a3 O-O-O 12. Ke2 Ne7 13. b4 Bd4 14. Rb1
Nc6 15. Bb2 Bxb2 16. Rxb2 Nd4+ 17. Ke3 Rd7 18. Nxd4 Rxd4 19. f3 Be6 20. Rd1
Rhd8 21. Nb3 R4d6 22. Nc5 Bc4 23. Rbd2 Bf7 24. Rb2 b6 25. Nb3 Be8 26. Nc1 Ba4
27. Rdd2 a6 28. Ne2 Bb5 29. Rb3 Kb7 30. Rc3 g6 31. f4 a5 32. bxa5 bxa5 33. fxe5
fxe5 34. Rc5 Kb6 35. Rxe5 Bxd3 36. Nf4 Bc4 37. Rb2+ Ka6 38. Rc5 Rd4 39. Rxc7
Bb5 40. Ne6 Rd3+ 41. Kf4 Kb6 {Time forfeit} 0-1

[Event "Rated Blitz game"]
[Site "?"]
[Date "2021.05.15"]
[Round "?"]
[White "wat_is_lav"]
[Black "blastol"]
[Result "0-1"]
[WhiteElo "2379"]
[BlackElo "2404"]
[PlyCount "26"]
[EventDate "2021.??.??"]
[EventType "blitz"]

1. e4 e5 2. Nf3 d5 3. exd5 Bd6 4. Nc3 Nf6 5. Bb5+ c6 6. dxc6 bxc6 7. Bd3 Bg4 8.
h3 Bh5 9. O-O O-O 10. Re1 Re8 11. b3 Nbd7 12. Bb2 Nc5 13. Qe2 e4 {Normal} 0-1

[Event "Rated Blitz game"]
[Site "?"]
[Date "2021.05.15"]
[Round "?"]
[White "Bat26"]
[Black "DarthZannah"]
[Result "1/2-1/2"]
[WhiteElo "2454"]
[BlackElo "2507"]
[PlyCount "70"]
[EventDate "2021.??.??"]
[EventType "blitz"]

1. e4 e5 2. Nf3 d5 3. Nc3 d4 4. Ne2 Bd6 5. Ng3 Ne7 6. Bc4 h6 7. O-O a6 8. a3 b5
9. Ba2 c5 10. d3 Nbc6 11. h3 g5 12. Nh5 Ng6 13. Nh2 Be6 14. Ng4 Bxa2 15. Rxa2
Qe7 16. Ngf6+ Kd8 17. g3 Qe6 18. Kh2 Qxa2 19. b3 Kc7 20. Nd5+ Kb7 21. f4 gxf4
22. gxf4 exf4 23. Nhxf4 Nxf4 24. Bxf4 Bxf4+ 25. Rxf4 Ne5 26. Rf5 Rae8 27. Qd2
Qxa3 28. Qf4 Qb2 29. Rxe5 Qxc2+ 30. Kh1 Qd1+ 31. Kh2 Qe2+ 32. Kh1 Qe1+ 33. Kh2
Qe2+ 34. Kh1 Qe1+ 35. Kh2 Qe2+ {Normal} 1/2-1/2

[Event "Rated Blitz game"]
[Site "?"]
[Date "2021.05.15"]
[Round "?"]
[White "wegadikuki"]
[Black "blastol"]
[Result "0-1"]
[WhiteElo "2376"]
[BlackElo "2408"]
[PlyCount "106"]
[EventDate "2021.??.??"]
[EventType "blitz"]

1. e4 e5 2. Nf3 d5 3. exd5 Bd6 4. Nc3 Nf6 5. d4 e4 6. Ne5 O-O 7. Be2 Re8 8. Bf4
Nbd7 9. O-O Nxe5 10. dxe5 Bxe5 11. Bxe5 Rxe5 12. Qd4 Qe7 13. Rad1 Rg5 14. Kh1
Bf5 15. Rfe1 Re8 16. Qxa7 Ng4 17. Bxg4 Rxg4 18. f3 Rh4 19. fxe4 Qe5 20. Qg1 Bd7
21. Rf1 Ra8 22. g3 Rh6 23. Rf4 b5 24. a3 g5 25. Rff1 Bh3 26. Rf2 Ra4 27. Re1
Rd4 28. Rfe2 Bg4 29. Re3 Rf6 30. Qg2 b4 31. axb4 Rxb4 32. h3 Bd7 33. Rf3 Rxf3
34. Qxf3 Bxh3 35. g4 Rxb2 36. Qxh3 Rxc2 37. Qf3 Rxc3 38. Re3 Rc1+ 39. Kg2 Rc2+
40. Re2 Rc3 41. Re3 Rc2+ 42. Re2 Rc1 43. Rf2 Qe7 44. Qf5 Re1 45. Qc8+ Kg7 46.
Qf5 Qxe4+ 47. Qxe4 Rxe4 48. Rc2 Rxg4+ 49. Kh3 Rd4 50. Rxc7 Rxd5 51. Kg4 Kg6 52.
Kg3 h5 53. Kg2 h4 {Normal} 0-1

[Event "Rated Blitz game"]
[Site "?"]
[Date "2021.05.15"]
[Round "?"]
[White "vadar"]
[Black "DarthZannah"]
[Result "0-1"]
[WhiteElo "2326"]
[BlackElo "2508"]
[PlyCount "44"]
[EventDate "2021.??.??"]
[EventType "blitz"]

1. e4 e5 2. Nf3 d5 3. Nxe5 dxe4 4. Bc4 Qg5 5. Nxf7 Qxg2 6. Rf1 Bg4 7. f3 Bxf3
8. Be2 Be7 9. d3 Bh4+ 10. Kd2 Kxf7 11. dxe4 Bg5+ 12. Kc3 Bf6+ 13. Kb3 Bxe2 14.
Qd5+ Kf8 15. Qd8+ Kf7 16. Qd5+ Ke8 17. Qxb7 Qxf1 18. Qxa8 Qxc1 19. Qxb8+ Kf7
20. Qxc7+ Ne7 21. Nc3 Qxa1 22. Nxe2 Qxb2+ {Normal} 0-1

[Event "Rated Blitz game"]
[Site "?"]
[Date "2021.05.15"]
[Round "?"]
[White "marxistpawns"]
[Black "hkn967"]
[Result "0-1"]
[WhiteElo "2505"]
[BlackElo "2452"]
[PlyCount "44"]
[EventDate "2021.??.??"]
[EventType "blitz"]

1. e4 e5 2. Nf3 d5 3. exd5 e4 4. Qe2 Nf6 5. d3 Qxd5 6. Nc3 Bb4 7. Bd2 Bxc3 8.
Bxc3 Nbd7 9. Ng5 Qxg5 10. dxe4 O-O 11. g3 Re8 12. Bg2 c6 13. O-O Nf8 14. f4
Qc5+ 15. Kh1 Nxe4 16. Bxe4 f5 17. Be5 fxe4 18. Rad1 Bh3 19. Rfe1 Ng6 20. Qxe4
Nxe5 21. fxe5 Be6 22. b4 Qd5 {Normal} 0-1

[Event "Rated Blitz game"]
[Site "?"]
[Date "2021.05.15"]
[Round "?"]
[White "ArnieChipmunk"]
[Black "Slimslik02"]
[Result "1-0"]
[WhiteElo "2415"]
[BlackElo "2334"]
[PlyCount "79"]
[EventDate "2021.??.??"]
[EventType "blitz"]

1. e4 e5 2. Nf3 d5 3. exd5 e4 4. Qe2 Nf6 5. Nc3 Bb4 6. Qb5+ Nbd7 7. Qxb4 exf3
8. gxf3 a5 9. Qa3 Nb6 10. Bb5+ Bd7 11. Bxd7+ Qxd7 12. d3 Nfxd5 13. Ne4 Nb4 14.
Qc3 O-O-O 15. a3 N6d5 16. Qb3 a4 17. Qc4 Na6 18. Be3 f5 19. Nc5 Nxc5 20. Bxc5
Rhe8+ 21. Kf1 f4 22. h4 Re6 23. Re1 Rxe1+ 24. Kxe1 Re8+ 25. Kd1 Qe6 26. Kc1 Qc6
27. Bd4 Qd7 28. Rg1 g6 29. Rg5 c6 30. Kb1 b5 31. Qc5 Re1+ 32. Ka2 Ne7 33. h5
Qe6+ 34. b3 axb3+ 35. Kb2 Re2 36. Re5 Rxc2+ 37. Kb1 Qh3 38. Qxe7 Qd7 39. Qf8+
Qd8 40. Re8 {Normal} 1-0

[Event "Rated Blitz game"]
[Site "?"]
[Date "2021.05.15"]
[Round "?"]
[White "Jazzyjef"]
[Black "annaly1979"]
[Result "1-0"]
[WhiteElo "2540"]
[BlackElo "2465"]
[PlyCount "93"]
[EventDate "2021.??.??"]
[EventType "blitz"]

1. e4 e5 2. Nf3 d5 3. Nc3 dxe4 4. Nxe4 f5 5. Nc3 e4 6. Ne5 Nf6 7. d4 Bd6 8. Bf4
Nc6 9. Bb5 Bd7 10. Nxd7 Qxd7 11. Bxd6 Qxd6 12. d5 a6 13. dxc6 axb5 14. Qxd6
cxd6 15. Nxb5 bxc6 16. Nc7+ Kd7 17. Nxa8 Rxa8 18. O-O Ke6 19. a4 c5 20. b3 Nd5
21. a5 Ra6 22. c4 Nb4 23. Ra4 Ke5 24. Rd1 g5 25. g3 f4 26. h4 h6 27. hxg5 hxg5
28. gxf4+ gxf4 29. Kf1 f3 30. Ke1 Nd3+ 31. Rxd3 exd3 32. Kd2 Kd4 33. Ra1 Ra8
34. a6 Re8 35. a7 Re2+ 36. Kd1 Rxf2 37. a8=Q Rf1+ 38. Kd2 Rf2+ 39. Ke1 Re2+ 40.
Kf1 d2 41. Qxf3 Re3 42. Qd5+ Kc3 43. Rd1 Rd3 44. Qb7 Kc2 45. Ke2 Rd4 46. Qf3
Rh4 47. Rxd2+ {Normal} 1-0

[Event "Rated Blitz game"]
[Site "?"]
[Date "2021.05.15"]
[Round "?"]
[White "GhostHunter2003"]
[Black "KinzyabulatovRenat"]
[Result "1-0"]
[WhiteElo "2537"]
[BlackElo "2468"]
[PlyCount "75"]
[EventDate "2021.??.??"]
[EventType "blitz"]

1. e4 e5 2. Nf3 d5 3. Nxe5 Bd6 4. d4 dxe4 5. Nc3 Bxe5 6. dxe5 Qxd1+ 7. Nxd1 Nc6
8. Bb5 Bd7 9. Bxc6 Bxc6 10. Bd2 O-O-O 11. Bc3 f5 12. exf6 Nxf6 13. Bxf6 gxf6
14. Ne3 h5 15. Rd1 h4 16. Rxd8+ Rxd8 17. Nf5 h3 18. g4 Bd7 19. Ne7+ Kb8 20. Rg1
Be6 21. b3 Rd7 22. Nf5 Bxf5 23. gxf5 a5 24. Rg6 Rd6 25. Ke2 Ka7 26. Ke3 Rd1 27.
Rxf6 Rh1 28. Rh6 Rxh2 29. f6 Rg2 30. Rxh3 Rg6 31. f7 Rf6 32. Rh7 Kb6 33. Kxe4
Rxf2 34. Ke5 Kc5 35. Ke6 b5 36. Rh5+ Kb4 37. Rf5 Re2+ 38. Kf6 {Normal} 1-0

[Event "Rated Blitz game"]
[Site "?"]
[Date "2021.05.15"]
[Round "?"]
[White "SrJingles"]
[Black "KamranShirazi"]
[Result "1-0"]
[WhiteElo "2503"]
[BlackElo "2477"]
[PlyCount "71"]
[EventDate "2021.??.??"]
[EventType "blitz"]

1. e4 e5 2. Nf3 d5 3. exd5 e4 4. Qe2 Nf6 5. Nc3 Be7 6. Nxe4 Nxd5 7. d3 O-O 8.
Qd1 Re8 9. Be2 f5 10. Ng3 Bb4+ 11. Bd2 f4 12. Ne4 Bf5 13. c3 Bf8 14. O-O Nd7
15. Qb3 Bxe4 16. dxe4 Nc5 17. Qc2 Rxe4 18. Rfe1 Qe7 19. Bc4 Rxe1+ 20. Rxe1 Qd6
21. b4 Nd7 22. Qe4 N7f6 23. Qxf4 Qxf4 24. Bxf4 Kh8 25. Be5 c6 26. h3 h6 27. Bd4
Rd8 28. Ne5 Kh7 29. Bd3+ Kg8 30. Bf5 Nxb4 31. Be6+ Kh7 32. Nf7 Rxd4 33. cxd4 g6
34. Rb1 b5 35. Rc1 Nfd5 36. Ne5 {Time forfeit} 1-0

[Event "Rated Blitz game"]
[Site "?"]
[Date "2021.05.15"]
[Round "?"]
[White "GhostHunter2003"]
[Black "annaly1979"]
[Result "1-0"]
[WhiteElo "2535"]
[BlackElo "2457"]
[PlyCount "89"]
[EventDate "2021.??.??"]
[EventType "blitz"]

1. e4 e5 2. Nf3 d5 3. Nxe5 Qe7 4. d4 f6 5. Nd3 Nc6 6. Be3 dxe4 7. Nf4 f5 8. Bc4
Nf6 9. O-O Bd7 10. Nc3 O-O-O 11. Ncd5 Qe8 12. Nxf6 gxf6 13. c3 Bd6 14. Qh5 Bxf4
15. Qxe8 Bxh2+ 16. Kxh2 Rdxe8 17. Rh1 h5 18. Kg1 h4 19. Kf1 Na5 20. Be2 Be6 21.
b3 Reg8 22. c4 b6 23. d5 Bf7 24. Rh3 Rg4 25. Bd4 Rh6 26. Bxg4 fxg4 27. Re3 f5
28. f3 h3 29. gxh3 gxf3 30. Be5 Rxh3 31. Kf2 Nb7 32. Rg1 Nc5 33. Rg7 Nd3+ 34.
Rxd3 exd3 35. Rxf7 d2 36. Rxc7+ Kd8 37. d6 d1=Q 38. Bf6+ Ke8 39. d7+ Kf7 40.
d8=Q+ Kg6 41. Qxd1 Kxf6 42. Qd6+ Kg5 43. Rg7+ Kh5 44. Qg6+ Kh4 45. Qh6# {Normal
} 1-0

[Event "Rated Blitz game"]
[Site "?"]
[Date "2021.05.15"]
[Round "?"]
[White "Aagaard_Student"]
[Black "DarthZannah"]
[Result "1-0"]
[WhiteElo "2468"]
[BlackElo "2515"]
[PlyCount "67"]
[EventDate "2021.??.??"]
[EventType "blitz"]

1. e4 e5 2. Nf3 d5 3. Nxe5 dxe4 4. Bc4 Qg5 5. Bxf7+ Kd8 6. d4 Qxg2 7. Rf1 Nf6
8. Bc4 Ke8 9. Nc3 Nbd7 10. Nf7 Rg8 11. Bf4 Nb6 12. Bb3 Bh3 13. Kd2 Qxf1 14.
Qxf1 Bxf1 15. Rxf1 Kd7 16. Ne5+ Kd8 17. Bxg8 Nxg8 18. Nxe4 Nd5 19. Bg5+ Be7 20.
Bxe7+ Ngxe7 21. Nc5 Ke8 22. Ne6 Rc8 23. Nxg7+ Kf8 24. Ne6+ Ke8 25. Rg1 Nf6 26.
Rg7 Ne4+ 27. Ke1 Nf6 28. Rf7 Nd7 29. Rxh7 Nxe5 30. dxe5 Kd7 31. Nd4 c5 32. Nf5
Ke6 33. Nxe7 Kxe5 34. Nxc8 {Normal} 1-0

[Event "Rated Blitz game"]
[Site "?"]
[Date "2021.05.15"]
[Round "?"]
[White "FallacyofComposition"]
[Black "KinzyabulatovRenat"]
[Result "1-0"]
[WhiteElo "2636"]
[BlackElo "2437"]
[PlyCount "77"]
[EventDate "2021.??.??"]
[EventType "blitz"]

1. e4 e5 2. Nf3 d5 3. exd5 e4 4. Nd4 Qxd5 5. Nb5 Qe5 6. Be2 Bd7 7. N5c3 Nc6 8.
O-O Bd6 9. g3 h5 10. d3 exd3 11. Qxd3 g5 12. Nd2 Nb4 13. Qc4 Be6 14. Qb5+ Qxb5
15. Bxb5+ c6 16. Ba4 b5 17. Bb3 Bxb3 18. cxb3 Nd3 19. Nde4 Be7 20. Bxg5 Nxb2
21. Rfe1 O-O-O 22. Bxe7 Nxe7 23. Nc5 Nd5 24. Rac1 Kc7 25. Nxb5+ cxb5 26. Nd3+
Kb6 27. Nxb2 h4 28. Nd3 hxg3 29. hxg3 f5 30. Re6+ Kb7 31. Nc5+ Ka8 32. Rd1 f4
33. Re5 Nc3 34. Rxd8+ Rxd8 35. gxf4 Nxa2 36. f5 Nb4 37. f6 Rf8 38. f7 Rxf7 39.
Re8# {Normal} 1-0

[Event "Rated Blitz game"]
[Site "?"]
[Date "2021.05.15"]
[Round "?"]
[White "EivindJohan"]
[Black "walodelpalo"]
[Result "1-0"]
[WhiteElo "2529"]
[BlackElo "2358"]
[PlyCount "31"]
[EventDate "2021.??.??"]
[EventType "blitz"]

1. e4 e5 2. Nf3 d5 3. exd5 Bd6 4. d4 e4 5. Ne5 Nf6 6. Bb5+ c6 7. dxc6 O-O 8.
Nc3 bxc6 9. Ba4 Bxe5 10. dxe5 Qxd1+ 11. Nxd1 Ng4 12. Bf4 Ba6 13. h3 Nh6 14. Ne3
Nd7 15. Bxc6 Rad8 16. O-O-O {Normal} 1-0

[Event "Rated Blitz game"]
[Site "?"]
[Date "2021.05.15"]
[Round "?"]
[White "Teodor_Drayzer"]
[Black "jsequera"]
[Result "1-0"]
[WhiteElo "2455"]
[BlackElo "2469"]
[PlyCount "33"]
[EventDate "2021.??.??"]
[EventType "blitz"]

1. e4 e5 2. Nf3 d5 3. exd5 e4 4. Qe2 f5 5. d3 Nf6 6. Nfd2 Bb4 7. dxe4 O-O 8. a3
Bxd2+ 9. Nxd2 fxe4 10. h3 Bf5 11. g4 Bg6 12. Bg2 Nbd7 13. g5 Nxd5 14. Nxe4 Nf4
15. Bxf4 Rxf4 16. O-O-O Qe7 17. Nf6+ {Normal} 1-0

[Event "Rated Blitz game"]
[Site "?"]
[Date "2021.05.15"]
[Round "?"]
[White "YaaasQueen"]
[Black "KinzyabulatovRenat"]
[Result "0-1"]
[WhiteElo "2498"]
[BlackElo "2439"]
[PlyCount "52"]
[EventDate "2021.??.??"]
[EventType "blitz"]

1. e4 e5 2. Nf3 d5 3. exd5 e4 4. Ne5 Qxd5 5. d4 exd3 6. Nxd3 Nc6 7. Nc3 Qa5 8.
Be2 Bf5 9. O-O O-O-O 10. Bd2 Nd4 11. Bg4 Nf6 12. b4 Bxg4 13. Qxg4+ Nxg4 14.
bxa5 Nxc2 15. Rac1 Na3 16. Nf4 Rxd2 17. Ncd5 Bd6 18. h3 Ne5 19. Rfe1 Nc2 20.
Re4 f5 21. Re2 Rxe2 22. Nxe2 Nb4 23. Nxb4 Bxb4 24. a6 bxa6 25. Nd4 g6 26. Ne6
Bd6 {Normal} 0-1

[Event "Rated Rapid game"]
[Site "?"]
[Date "2021.05.15"]
[Round "?"]
[White "YuryKuznetsov"]
[Black "Delyvj"]
[Result "1-0"]
[WhiteElo "2407"]
[BlackElo "2438"]
[PlyCount "67"]
[EventDate "2021.??.??"]
[EventType "rapid"]

1. e4 e5 2. Nf3 d5 3. Nxe5 dxe4 4. d4 exd3 5. Bxd3 Nd7 6. Nxd7 Bxd7 7. O-O Qh4
8. Re1+ Be7 9. Re4 Qf6 10. Nc3 Bc6 11. Bb5 Rd8 12. Qe2 Kf8 13. Bxc6 Qxc6 14.
Bf4 Bc5 15. Rd1 Rxd1+ 16. Qxd1 Bd6 17. Bxd6+ cxd6 18. Rd4 Nf6 19. Rxd6 Qc5 20.
Rd8+ Ne8 21. Qe1 Qe7 22. Qxe7+ Kxe7 23. Rb8 b6 24. Rb7+ Ke6 25. Rxa7 Nd6 26.
Ra4 Rc8 27. Kf1 h5 28. Ke2 g5 29. Kd3 f5 30. Rb4 Rc6 31. Nb5 Kd5 32. Rd4+ Kc5
33. Na7 Rc7 34. b4# {Normal} 1-0

[Event "Rated Blitz game"]
[Site "?"]
[Date "2021.05.14"]
[Round "?"]
[White "Scualchess"]
[Black "AlaEldin"]
[Result "1/2-1/2"]
[WhiteElo "2461"]
[BlackElo "2319"]
[PlyCount "110"]
[EventDate "2021.??.??"]
[EventType "blitz"]

1. e4 e5 2. Nf3 d5 3. Nxe5 Bd6 4. d4 dxe4 5. Nc4 Nf6 6. Be2 Nc6 7. Be3 O-O 8.
O-O Nd5 9. Nxd6 Qxd6 10. c4 Nxe3 11. fxe3 Qh6 12. Qd2 Rd8 13. a3 a5 14. b3 f5
15. Ra2 Ne7 16. d5 c5 17. Nc3 Nc6 18. Nb5 Ne5 19. d6 Kh8 20. h3 Bd7 21. Nc7
Rac8 22. Rf4 b6 23. Qd5 Qf6 24. Rd2 g5 25. Rf1 Kg7 26. Qb7 Kg6 27. Qxb6 f4 28.
Qxc5 f3 29. gxf3 Bxh3 30. Rf2 exf3 31. Bd3+ Kh6 32. Qd4 Rxd6 33. Nd5 Rxd5 34.
Qxd5 Rd8 35. Qe4 g4 36. Qxh7+ Kg5 37. Be4 g3 38. Qxh3 gxf2+ 39. Rxf2 Rd1+ 40.
Rf1 Rxf1+ 41. Kxf1 Ng4 42. Qxf3 Nxe3+ 43. Ke2 Ng4 44. Qxf6+ Kxf6 45. b4 axb4
46. axb4 Ke5 47. Bf3 Kd4 48. c5 Ne5 49. c6 Nf7 50. c7 Nd6 51. Bc6 Kc4 52. b5
Kc5 53. Bd7 Kb6 54. c8=Q Nxc8 55. Bxc8 Kxb5 {Normal} 1/2-1/2

[Event "Rated Blitz game"]
[Site "?"]
[Date "2021.05.14"]
[Round "?"]
[White "Kurapika06"]
[Black "marco_borges"]
[Result "1-0"]
[WhiteElo "2402"]
[BlackElo "2255"]
[PlyCount "31"]
[EventDate "2021.??.??"]
[EventType "blitz"]

1. e4 e5 2. Nf3 d5 3. exd5 e4 4. Qe2 Qxd5 5. Nc3 Qh5 6. Qxe4+ Be7 7. Bb5+ c6 8.
Be2 Nf6 9. Qe5 Qg6 10. O-O Nbd7 11. Qg5 Qxc2 12. Nd4 Qg6 13. Qe3 Ng4 14. Bxg4
Qxg4 15. Re1 Qh4 16. Nf5 {Normal} 1-0

[Event "Rated Blitz game"]
[Site "?"]
[Date "2021.05.14"]
[Round "?"]
[White "Chesstomioka"]
[Black "greenbubbl_e"]
[Result "0-1"]
[WhiteElo "2622"]
[BlackElo "2664"]
[PlyCount "54"]
[EventDate "2021.??.??"]
[EventType "blitz"]

1. e4 e5 2. Nf3 d5 3. Nxe5 Bd6 4. d4 Nf6 5. exd5 O-O 6. Bd3 c5 7. O-O cxd4 8.
Nf3 Nxd5 9. h3 Nc6 10. Nbd2 Nf4 11. Ne4 Nxd3 12. Qxd3 Bf5 13. Nfd2 Re8 14. f3
Bb8 15. Qb3 Qc7 16. g3 Bxh3 17. Re1 Be6 18. Qd3 h6 19. Nf1 a6 20. Bf4 Qb6 21.
Bxb8 Raxb8 22. Ned2 Rbd8 23. a3 Bd5 24. Rxe8+ Rxe8 25. f4 Qb5 26. Qxb5 axb5 27.
Rd1 Re2 {Normal} 0-1

[Event "Rated Blitz game"]
[Site "?"]
[Date "2021.05.14"]
[Round "?"]
[White "samuel2900"]
[Black "Gifroy"]
[Result "0-1"]
[WhiteElo "2420"]
[BlackElo "2400"]
[PlyCount "118"]
[EventDate "2021.??.??"]
[EventType "blitz"]

1. e4 e5 2. Nf3 d5 3. Nxe5 Bd6 4. d4 dxe4 5. Bc4 Bxe5 6. Qh5 Qe7 7. Qxe5 Qxe5
8. dxe5 Nc6 9. Nc3 Nxe5 10. Bb3 Nf6 11. Nb5 Kd8 12. Bf4 Re8 13. O-O-O+ Bd7 14.
Rd2 a6 15. Nc3 Kc8 16. h3 c5 17. Rhd1 c4 18. Bxe5 Rxe5 19. Bxc4 Kc7 20. Bxf7
Rf8 21. Bd5 Bc6 22. Bxc6 bxc6 23. b4 Rf7 24. a3 Nh5 25. Na4 Nf4 26. Nc5 a5 27.
Rd7+ Rxd7 28. Rxd7+ Kc8 29. Rxg7 axb4 30. axb4 Nd5 31. Rb7 e3 32. fxe3 Rxe3 33.
Kb2 Rg3 34. Rxh7 Nxb4 35. Nd3 Nd5 36. Rh8+ Kc7 37. Ne1 Ne3 38. Rh7+ Kb6 39. Rf7
Nxg2 40. Nxg2 Rxg2 41. h4 Rh2 42. Rf4 Kc5 43. Rg4 Kd5 44. Rg5+ Kd4 45. h5 c5
46. Kb3 c4+ 47. Kb2 Rh1 48. Rg4+ Kc5 49. Rg5+ Kb4 50. c3+ Ka4 51. Rg4 Rh2+ 52.
Kc1 Kb3 53. Kd1 Rxh5 54. Rg3 Rd5+ 55. Ke2 Kc2 56. Ke3 Rd3+ 57. Ke4 Rxg3 58. Kd4
Rd3+ 59. Kxc4 Rxc3+ {Time forfeit} 0-1

[Event "Rated Blitz game"]
[Site "?"]
[Date "2021.05.14"]
[Round "?"]
[White "Lavi12"]
[Black "Gifroy"]
[Result "1/2-1/2"]
[WhiteElo "2469"]
[BlackElo "2406"]
[PlyCount "76"]
[EventDate "2021.??.??"]
[EventType "blitz"]

1. e4 e5 2. Nf3 d5 3. Nxe5 Bd6 4. d4 dxe4 5. Nc4 Be7 6. Nc3 Bf5 7. Bf4 Nf6 8.
Qd2 O-O 9. Ne3 Bg6 10. O-O-O c6 11. d5 Bb4 12. Bc4 b5 13. Bb3 c5 14. a3 Bxc3
15. Qxc3 c4 16. Ba2 Nbd7 17. b3 cxb3 18. Bxb3 a5 19. d6 Rc8 20. Qd4 Nc5 21. Kb1
Ne6 22. Bxe6 fxe6 23. Be5 Qd7 24. h4 h5 25. g4 b4 26. gxh5 Nxh5 27. Rhg1 Bh7
28. Rg5 bxa3 29. Rxh5 Rb8+ 30. Ka1 Rb4 31. Qc3 Rfb8 32. Rg5 g6 33. h5 Qb5 34.
hxg6 Rb1+ 35. Ka2 Rb2+ 36. Ka1 Rb1+ 37. Ka2 Rb2+ 38. Ka1 Rb1+ {Normal} 1/2-1/2

[Event "Rated Rapid game"]
[Site "?"]
[Date "2021.05.14"]
[Round "?"]
[White "EMrahaC"]
[Black "Phdchess50"]
[Result "1-0"]
[WhiteElo "2432"]
[BlackElo "2313"]
[PlyCount "65"]
[EventDate "2021.??.??"]
[EventType "rapid"]

1. e4 e5 2. Nf3 d5 3. d4 dxe4 4. Nxe5 Bd6 5. Bf4 Nc6 6. Nc3 Nf6 7. Bc4 O-O 8.
O-O Bf5 9. Nxc6 bxc6 10. Bxd6 cxd6 11. d5 c5 12. Qd2 Ng4 13. Qf4 Qf6 14. Nxe4
Bxe4 15. Qxe4 Ne5 16. b3 Nxc4 17. Qxc4 Rfe8 18. Rae1 Re5 19. Qb5 g6 20. c4 h5
21. Qa5 h4 22. Rxe5 Qxe5 23. Re1 Qg5 24. h3 Qf4 25. Qc7 g5 26. Qe7 Rf8 27. Re4
Qc1+ 28. Kh2 f6 29. Qxd6 Rf7 30. Qxc5 f5 31. Re3 f4 32. Re8+ Kg7 33. Qd4+ {
Normal} 1-0

[Event "Rated Blitz game"]
[Site "?"]
[Date "2021.05.14"]
[Round "?"]
[White "KaizokuOuNi"]
[Black "annaly1979"]
[Result "1-0"]
[WhiteElo "2563"]
[BlackElo "2455"]
[PlyCount "111"]
[EventDate "2021.??.??"]
[EventType "blitz"]

1. e4 e5 2. Nf3 d5 3. exd5 e4 4. Qe2 f5 5. d3 Nf6 6. Nc3 Bb4 7. Bd2 Bxc3 8.
Bxc3 O-O 9. dxe4 fxe4 10. Ne5 Nbd7 11. O-O-O Nxe5 12. Bxe5 Qe8 13. Bxc7 Qg6 14.
Kb1 Bg4 15. f3 exf3 16. gxf3 Rae8 17. Qg2 Bh5 18. Qxg6 hxg6 19. Bb5 Rc8 20. Bd6
Rfd8 21. Be7 Rxd5 22. Bxf6 Rxd1+ 23. Rxd1 gxf6 24. Bd7 Rc7 25. Bg4 Rc5 26. Rd8+
Kg7 27. Rd7+ Kh6 28. Rxb7 a5 29. a3 Kg5 30. b4 axb4 31. axb4 Rc3 32. Kb2 Rc4
33. Bxh5 Kxh5 34. Kb3 Rf4 35. c4 Rxf3+ 36. Ka4 Rf2 37. c5 Rxh2 38. c6 Rc2 39.
c7 f5 40. b5 f4 41. b6 f3 42. Rb8 f2 43. Rf8 Rc4+ 44. Kb5 Rc2 45. Rxf2 Rxf2 46.
c8=Q Rf5+ 47. Ka6 Kg5 48. b7 Rf6+ 49. Ka7 Rf7 50. Qc5+ Kh6 51. Ka8 Rf5 52. Qe3+
Kg7 53. Qc3+ Kh6 54. b8=Q Kg5 55. Qbg3+ Kh6 56. Qh8# {Normal} 1-0

[Event "Rated Blitz game"]
[Site "?"]
[Date "2021.05.14"]
[Round "?"]
[White "DanielMatt18"]
[Black "Gifroy"]
[Result "1-0"]
[WhiteElo "2371"]
[BlackElo "2400"]
[PlyCount "41"]
[EventDate "2021.??.??"]
[EventType "blitz"]

1. e4 e5 2. Nf3 d5 3. exd5 e4 4. Qe2 Nf6 5. Nc3 Be7 6. Nxe4 O-O 7. d3 c6 8.
dxc6 Nxc6 9. Qd2 Bf5 10. Nxf6+ Bxf6 11. Be2 Re8 12. O-O Qe7 13. Re1 Qb4 14. c3
Qa5 15. d4 b5 16. Qf4 Bg6 17. Bd2 Re4 18. Qg3 Rae8 19. Bd3 Rxe1+ 20. Nxe1 Rxe1+
21. Rxe1 {Normal} 1-0